000 002840000a22000970004500
100 1 _aMillard, Alan R.
245 1 0 _aIsraelite and Aramean history in the light of inscriptions
300 _aVol. 2, Num. 41 (Noviembre, 1990), Páginas 261-275
773 0 _tTyndale Bulletin
942 _cANA
999 _c56704
_d56704